000 00519nam a2200169 i 4500
001 55191
003 ES-MaACL
005 20230906163110.0
007 t|
008 030915s1917 fr ||||1| fre d
100 1 _aDelthil, E.
_943598
245 1 2 _aL'asthme
_b: etiologie, pathogénie, traitement : sou origine arthritique : sou antagonisme avec la tuberculose /
_cpar E. Delthil.
260 _aParis :
_bJ. Dumoulin,
_c1917.
300 _a200 p. ;
_c19 cm.
650 4 _aAsma.
_9135639
852 _aES-MaACL
_jB-11731
999 _c55191
_d55191